| 000 | 01220nam a2200253 a 4500 | ||
|---|---|---|---|
| 001 | 39518 | ||
| 003 | BD-RjUL | ||
| 005 | 20211209053016.0 | ||
| 008 | 160412r20062000bg |||| |||| 001 0 ben d | ||
| 020 |
_a9840502255 _c: TK. 325.00 |
||
| 035 | _a(BD-RjUL)39631 | ||
| 040 |
_aBD-RjUL _bben _cBD-RjUL |
||
| 041 | _aben | ||
| 082 |
_223 _a327.5492 _bAHG 2006 |
||
| 100 |
_aআহমেদ, মওদুদ. _9121765 |
||
| 245 |
_aগনতন্ত্র এবং উন্নয়নের চ্যালেঞ্জ : _bপ্রেক্ষাপট বাংলাদেশের রাজনীতি এবং সামরিক শাসন / _cমওদুদ আহমেদ ; জগলুল আলম |
||
| 260 |
_aঢাকা : _bদি ইউনিভার্সিটি প্রেস লিমিটেড, _c২০০০ [২য় মুদ্রণ ২০০৬] |
||
| 300 |
_axv, ৩৮৪ পৃ. ; _c২১ সেমি. |
||
| 505 | _aনির্ঘন্ট সংযুক্ত | ||
| 650 |
_aসামরিক শাসন _zবাংলাদেশ _9121777 |
||
| 650 |
_aMilitary Interventions _zBangladesh _9121778 |
||
| 700 |
_aআলম, জগলুল. _9120341 |
||
| 942 |
_2ddc _cBK |
||
| 999 |
_c39518 _d39518 |
||